| 000 | 00842cab a2200205 4500 | ||
|---|---|---|---|
| 001 | ##L131127 | ||
| 008 | 051003n2005 000 0 eng u | ||
| 035 | _a(Sirsi) u131127 | ||
| 041 | 0 | _aeng | |
| 100 | 1 | _aMcCallum, James | |
| 245 | 0 | 0 | _aCharitable status |
| 260 | 3 | _c2005 | |
| 490 | 0 |
_aEstates Gazette _v(0538) 24 September 2005, 138-139(2) |
|
| 520 | _aExamines the complexities involved when entering into property transactions with charities. Discusses the legal structure of charities and issues affecting deals with registered charities and other matters such as the taxation of charities. Provides a basic checklist for dealing with charities. | ||
| 590 | _aIKA111005 | ||
| 650 | 2 | 4 | _aCHARITIES ACT 1993 |
| 650 | 2 | 4 | _aLANDLORD AND TENANT ACT 1954 SS24-28 |
| 690 | _aPROPERTY-PROPERTY ACQUISITION AND DISPOSAL | ||
| 942 | _n0 | ||
| 999 |
_c75957 _d75957 |
||